| 000 | 01265nam a2200217 u 4500 | ||
|---|---|---|---|
| 001 | 000198550 | ||
| 003 | AM-YeHGA | ||
| 005 | 20250617123920.0 | ||
| 008 | 990205s1974 ru |||||||||||||||0|rus|d | ||
| 040 | _aAM-YeHGA | ||
| 041 | 0 | _arus | |
| 245 | 0 | 0 |
_aМинералы : _bДиаграммы фазовых равновесий : Справочник / _cАН СССР. Ин-т геологии рудных месторождений, петрографии, минералогии и геохимии ; Отв. ред. Ф.В. Чухров. |
| 260 |
_aМосква : _bНаука, _c1974. |
||
| 300 | _aвыпуск | ||
| 505 | 0 | 0 |
_gВып. 1 (1974; 512 с.) : _tФазовые равновесия, важные для природного минералообразования ; _gВып. 2 (1974; 490 с.) : _tФазовые равновесия, важные для технического минералообразования |
| 650 | 1 | 4 |
_aМинералы _xДиаграммы состояния |
| 700 | 1 |
_aЧухров, Ф.В. _eред. _4edt |
|
| 710 | 2 | _aИнститут геологии рудных месторождений, петрографии, минералогии и геохимии АН СССР | |
| 942 |
_2udc _cBK |
||
| 090 | _c69814 | ||
| 999 |
_c68645 _d68645 |
||